|
|
|
|
| LEADER |
01241nam a2200301 a 4500 |
| 001 |
969 |
| 003 |
BD-DhAAL |
| 005 |
20151125233239.0 |
| 008 |
150726s1996 cau b s001 0 eng |
| 010 |
|
|
|a 95012580
|
| 020 |
|
|
|a 0195639162
|
| 020 |
|
|
|a 0520201361 (pbk. : alk. paper)
|
| 040 |
|
|
|a DLC
|c DLC
|d BD-DhAAL
|
| 050 |
0 |
0 |
|a HQ1190
|b .J62 1996
|
| 082 |
0 |
0 |
|a 305.42/01
|2 20
|
| 100 |
1 |
|
|a John, Mary E.,
|d 1956-
|9 13236
|
| 245 |
1 |
0 |
|a Discrepant dislocations :
|b feminism, theory, and postcolonial histories /
|c Mary E. John.
|
| 260 |
|
|
|a Berkeley, Calif. :
|b University of California Press,
|c c1996.
|
| 300 |
|
|
|a x, 198 p. :
|c 24 cm.
|
| 504 |
|
|
|a Includes bibliographical references (p. 175-191) and index.
|
| 530 |
|
|
|a A digital reproduction is available from E-Editions, a collaboration of the University of California Press and the California Digital Library's eScholarship program.
|
| 541 |
|
|
|e 969
|
| 650 |
|
0 |
|a Feminist theory.
|9 8531
|
| 650 |
|
0 |
|a Intercultural communication.
|9 13237
|
| 650 |
|
0 |
|a Cross-cultural orientation.
|9 13238
|
| 942 |
|
|
|2 ddc
|c BK
|
| 999 |
|
|
|c 35070
|d 35070
|
| 952 |
|
|
|0 0
|1 0
|2 ddc
|4 0
|6 305_420100000000000_JOH
|7 0
|9 54955
|a SCL
|b SCL
|c GEN
|d 2015-07-26
|g 350.00
|l 0
|o 305.4201 JOH
|p 3020000969
|r 2015-07-26
|t 1
|w 2015-07-26
|y BK
|